• 首页
  • 本馆介绍
  • 公告通知
  • 最新文献
  • 馆藏检索
  • 电子资源
  • 读者导购
  • 参考咨询
  • 我的图书馆
  • 登录
  • 详细信息显示
  • 放入我的书架
  • 预约/预借图书
  • 作者相关作品
  • 分类相关作品
  • 丛书相关作品
  • 出版社相关作品

书目信息

  • 表格格式
  • 工作单格式
  • 卡片格式
题名:
楚璧隋珍 宁静致远
    
 
作者: 楚宁 , 黄小邪 著
分册:  
出版信息: 北京   中国商业出版社  2017
页数: 312页
开本: 25cm
丛书名:
单 册:
中图分类: K825.47=76 , R793.51
科图分类:
主题词: 瑜伽--yu jia--体育工作者--自传--中国--现代 , 瑜伽--yu jia--基本知识
电子资源:
ISBN: 978-7-5208-0017-4
000 01008nam0 2200289 450
001 012001005237
005 20141212152832.0
010    @a978-7-5208-0017-4@dCNY78.00
099    @aCAL 012018104372
100    @a20180903d2017 em y0chiy50 ea
101 0  @achi
102    @aCN@b110000
105    @aa z 000ya
106    @ar
200 1  @a楚璧隋珍 宁静致远@Achu bi sui zhen ning jing zhi yuan@e一位瑜伽行者的心灵自传@f楚宁,黄小邪著
210    @a北京@c中国商业出版社@d2017
215    @a312页@c彩图@d25cm
330    @a本书展现的是一位瑜伽老师的专业、一位修道者的谦卑,也是一个爱家、爱人、爱生命的男人的入世情怀。
517 1  @a一位瑜伽行者的心灵自传@Ayi wei yu jia xing zhe de xin ling zi zhuan
606 0  @a瑜伽@Ayu jia@x体育工作者@x自传@y中国@z现代
606 0  @a瑜伽@Ayu jia@x基本知识
690    @aK825.47=76@v5
690    @aR793.51@v5
701  0 @a楚宁@Achu ning@4著
701  0 @a黄小邪@Ahuang xiao xie@4著
801  0 @aCN@b江苏凤凰@c20191020
905    @b1207646-8@dK825.47=76@e1351@f3
    
    楚璧隋珍 宁静致远:一位瑜伽行者的心灵自传/楚宁,黄小邪著.-北京:中国商业出版社,2017
    312页:彩图;25cm
    
    
    ISBN 978-7-5208-0017-4:CNY78.00
    本书展现的是一位瑜伽老师的专业、一位修道者的谦卑,也是一个爱家、爱人、爱生命的男人的入世情怀。
●
相关链接 在E读中查询图书 在五车中查询图书 在当当中查询图书 在豆瓣中查询图书


正题名:楚璧隋珍 宁静致远     索取号:K825.47=76/1351         预约/预借

序号 登录号 条形码 馆藏地/架位号 状态 备注
1 1207646   212076466   第二样本阅览室/ [索取号:K825.47=76/1351] 在馆    
2 1207647   212076475   教育系资料室/ [索取号:K825.47=76/1351] 在馆    
3 1207648   212076484   第二借阅区/ [索取号:K825.47=76/1351] 在馆    
唐山师范学院图书馆 欢迎您!
大连网信软件有限公司© 版权所有